Να παντρευτεί κανείς ή να μη παντρευτεί; : μία ψυχαναλυτική -και όχι μόνο- προσέγγιση στα θέματα της ανθρώπινης σεξουαλικότητας, του έρωτα, της αγάπης, της επιλογής συντρόφου και του γάμου

Αποθηκεύτηκε σε:
Λεπτομέρειες βιβλιογραφικής εγγραφής
Κύριος συγγραφέας: Γιωσαφάτ, Ματθαίος
Μορφή: Βιβλίο
Γλώσσα:Greek
Δημοσίευση: Αθήνα : Αρμός, c2014.
Θέματα:
Ετικέτες: Προσθήκη ετικέτας
Δεν υπάρχουν, Καταχωρήστε ετικέτα πρώτοι!

MARC

LEADER 00000cam a2200000 a 4500
001 1/123359
008 210714s2014####gr | ||| |||| ||gre||
020 |a 9789605278595 
040 |a GR-MyUa  |b gre  |c GR-MyUa  |e AACR2 
041 0 |a gre 
082 7 |a 306.81   |2 (23) 
100 1 |a Γιωσαφάτ, Ματθαίος. 
245 1 0 |a Να παντρευτεί κανείς ή να μη παντρευτεί; :   |b μία ψυχαναλυτική -και όχι μόνο- προσέγγιση στα θέματα της ανθρώπινης σεξουαλικότητας, του έρωτα, της αγάπης, της επιλογής συντρόφου και του γάμου /   |c Ματθαίος Γιωσαφάτ. 
260 |a Αθήνα :   |b Αρμός,   |c c2014. 
300 |a 350 σ. ;   |c 21 εκ. 
650 0 |a Marriage. 
650 0 |a Marriage  |x Psychological aspects. 
852 |a INST  |b SYROS  |e 20210712  |h 306.81 ΓΙΩ  |p 005500014133  |q 005500014133  |t BK  |y 0 
970 |a Κοντού  |b Παρασκευή  |z 14/07/2021